000 00286nam a2200121Ia 4500
005 20251222153644.0
008 251222s9999||||xx |||||||||||||| ||spa||
082 _a985.073/D54
100 _a"Delgado Olivera, Carlos"
245 0 _aTestimonio de lucha
250 _a2a.ed.
942 _cLIB
999 _c32860
_d32860